[Event "12. Open de Sants 2010"]
[Site "Barcelona ESP"]
[Date "2010.08.21"]
[Round "2.10"]
[White "Cruz Lledo, Pablo"]
[Black "Aroshidze, Levan"]
[Result "*"]
[WhiteElo "2239"]
[BlackElo "2548"]
[PlyCount "43"]
[EventDate "2010.08.20"]
[EventType "swiss"]
[EventRounds "10"]
[EventCountry "ESP"]
[Source "lmi"]
[SourceDate "2010.08.20"]

1. d4 Nf6 2. c4 c5 3. d5 g6 4. Nc3 Bg7 5. e4 d6 6. f3 O-O 7. Nge2 e6 8. Ng3 h5
9. Be2 Nbd7 10. O-O h4 11. Nh1 Nh7 12. Be3 f5 13. Qd2 Ne5 14. Nf2 a6 15. a4 Bd7
16. f4 Nf7 17. exf5 exf5 18. Nh3 Qf6 19. a5 Nh6 20. Ng5 Ng4 21. Bxg4 fxg4 22.
Nce4 *

[Event "12. Open de Sants 2010"]
[Site "Barcelona ESP"]
[Date "2010.08.21"]
[Round "2.11"]
[White "Ayza Ballester, Jordi"]
[Black "Narciso Dublan, Marc"]
[Result "0-1"]
[WhiteElo "2238"]
[BlackElo "2540"]
[PlyCount "60"]
[EventDate "2010.08.20"]
[EventType "swiss"]
[EventRounds "10"]
[EventCountry "ESP"]
[Source "lmi"]
[SourceDate "2010.08.20"]

1. e4 e6 2. d4 d5 3. Nc3 Nf6 4. Bg5 dxe4 5. Nxe4 Be7 6. Nxf6+ Bxf6 7. Bxf6 Qxf6
8. Nf3 O-O 9. Bd3 c5 10. Qe2 Nc6 11. dxc5 Qxb2 12. O-O Qf6 13. Rab1 Ne7 14. Qe5
Nd5 15. Rb3 a5 16. Be4 a4 17. Rd3 Ra5 18. Bxd5 Qxe5 19. Nxe5 exd5 20. c6 Re8
21. cxb7 Bxb7 22. Re1 Rb5 23. f4 Rb4 24. f5 f6 25. Nf3 Ree4 26. Rxe4 dxe4 27.
Rd8+ Kf7 28. Ne1 Rb1 29. Kf2 Ba6 30. c4 Bxc4 0-1

[Event "12. Open de Sants 2010"]
[Site "Barcelona ESP"]
[Date "2010.08.21"]
[Round "2.12"]
[White "Barrenechea Bahamonde, Gustavo"]
[Black "Cruz, Cristhian"]
[Result "0-1"]
[WhiteElo "2236"]
[BlackElo "2536"]
[PlyCount "70"]
[EventDate "2010.08.20"]
[EventType "swiss"]
[EventRounds "10"]
[EventCountry "ESP"]
[Source "lmi"]
[SourceDate "2010.08.20"]

1. e4 c5 2. Nf3 d6 3. d4 Nf6 4. Nc3 cxd4 5. Nxd4 a6 6. Bc4 e6 7. Bb3 b5 8. Bg5
Be7 9. Qf3 Qb6 10. O-O-O Nbd7 11. Be3 Qb7 12. Qg3 Nc5 13. Rhe1 g6 14. f3 Bd7
15. Bg5 Nh5 16. Qh4 f6 17. Bh6 b4 18. Bd5 Qb6 19. Nb1 Rc8 20. g4 exd5 21. exd5
b3 22. gxh5 g5 23. Bxg5 bxa2 24. Nc6 Nb3+ 25. cxb3 Qc5+ 26. Nc3 a1=Q+ 27. Kc2
Bf5+ 28. Rd3 Rxc6 29. Bxf6 Rc7 30. Bxh8 Qxd5 31. Rxe7+ Rxe7 32. Nxd5 Re2+ 33.
Kc3 Qc1+ 34. Kb4 Qc5+ 35. Ka4 Bd7# 0-1

[Event "12. Open de Sants 2010"]
[Site "Barcelona ESP"]
[Date "2010.08.21"]
[Round "2.13"]
[White "Bhat, Vinay S"]
[Black "Martinsen, Stig K"]
[Result "1-0"]
[WhiteElo "2536"]
[BlackElo "2229"]
[PlyCount "39"]
[EventDate "2010.08.20"]
[EventType "swiss"]
[EventRounds "10"]
[EventCountry "ESP"]
[Source "lmi"]
[SourceDate "2010.08.20"]

1. d4 g6 2. c4 f5 3. Nc3 Nf6 4. Qc2 d6 5. Bg5 Nbd7 6. e3 c6 7. f3 Qa5 8. Nh3 e5
9. Be2 Bg7 10. O-O O-O 11. Rfd1 Qc7 12. Bh4 a5 13. Na4 b6 14. Qb3 c5 15. Ng5
Re8 16. d5 Bh6 17. Ne6 Qa7 18. Re1 Rb8 19. Kh1 Nh5 20. g4 1-0

[Event "12. Open de Sants 2010"]
[Site "Barcelona ESP"]
[Date "2010.08.21"]
[Round "2.14"]
[White "Uribe Arteaga, Daniel"]
[Black "Cabrera, Alexis"]
[Result "0-1"]
[WhiteElo "2233"]
[BlackElo "2533"]
[PlyCount "82"]
[EventDate "2010.08.20"]
[EventType "swiss"]
[EventRounds "10"]
[EventCountry "ESP"]
[Source "lmi"]
[SourceDate "2010.08.20"]

1. e4 e5 2. Nf3 Nc6 3. Nc3 Nf6 4. d4 exd4 5. Nd5 Be7 6. Bc4 O-O 7. O-O d6 8.
Nxd4 Nxd5 9. Bxd5 Nxd4 10. Qxd4 Bf6 11. Qd3 a5 12. a4 c6 13. Bb3 Be6 14. Rd1
Re8 15. Bf4 Bxb2 16. Rab1 Qf6 17. Bxd6 Rad8 18. f4 Bxb3 19. cxb3 Ba3 20. e5
Qxf4 21. Qc4 Qe3+ 22. Kh1 Bxd6 23. exd6 Re4 24. Qf1 Rf4 25. Qd3 Qxd3 26. Rxd3
Re4 27. Kg1 Kf8 28. Kf2 Ke8 29. Rbd1 Kd7 30. Rh3 h6 31. Rf3 Rf8 32. Rfd3 f5 33.
Kf3 Rf6 34. g4 Rxg4 35. Re1 Rf7 36. Rde3 Kxd6 37. Re6+ Kd7 38. R6e5 Rb4 39.
R1e3 b6 40. Rd3+ Kc7 41. Re8 Rd7 0-1

[Event "12. Open de Sants 2010"]
[Site "Barcelona ESP"]
[Date "2010.08.21"]
[Round "2.15"]
[White "Cuartas, Jaime Alexander"]
[Black "Alvarado, Carlos"]
[Result "1-0"]
[WhiteElo "2529"]
[BlackElo "2216"]
[PlyCount "93"]
[EventDate "2010.08.20"]
[EventType "swiss"]
[EventRounds "10"]
[EventCountry "ESP"]
[Source "lmi"]
[SourceDate "2010.08.20"]

1. e4 e5 2. Nf3 Nf6 3. Nxe5 d6 4. Nf3 Nxe4 5. Nc3 Nxc3 6. dxc3 Be7 7. Bf4 Nc6
8. Qd2 Be6 9. Ng5 Bxg5 10. Bxg5 Qd7 11. O-O-O f6 12. Bf4 O-O-O 13. b3 Rhe8 14.
Be3 Re7 15. h3 Rde8 16. Re1 Bf5 17. Be2 Kb8 18. c4 Be4 19. Rhg1 Qf5 20. Bd1 Qe5
21. Kb1 Qa5 22. Qxa5 Nxa5 23. Bd2 Nc6 24. f3 Bg6 25. Rxe7 Rxe7 26. g4 h6 27.
Bc3 Re3 28. Kb2 a5 29. a4 Re7 30. h4 Be8 31. f4 b6 32. g5 fxg5 33. hxg5 hxg5
34. Rxg5 g6 35. Rg1 Nb4 36. Bd2 Rh7 37. f5 Nc6 38. Bc3 Ne7 39. Re1 Bd7 40. f6
Nc6 41. Bf3 Nd8 42. Bd5 Kc8 43. Bg8 Rh5 44. f7 Rf5 45. Re8 Rxf7 46. Bxf7 Bxe8
47. Bxe8 1-0

[Event "12. Open de Sants 2010"]
[Site "Barcelona ESP"]
[Date "2010.08.21"]
[Round "2.16"]
[White "Hartvig, Ove Weiss"]
[Black "Alonso Rosell, Alvar"]
[Result "0-1"]
[WhiteElo "2230"]
[BlackElo "2521"]
[PlyCount "66"]
[EventDate "2010.08.20"]
[EventType "swiss"]
[EventRounds "10"]
[EventCountry "ESP"]
[Source "lmi"]
[SourceDate "2010.08.20"]

1. Nf3 d5 2. g3 Nf6 3. Bg2 g6 4. O-O Bg7 5. d3 O-O 6. Nbd2 c5 7. c4 Nc6 8. a3
b6 9. Rb1 a5 10. Ne1 Be6 11. b3 Qd7 12. Nc2 Bh3 13. b4 Bxg2 14. Kxg2 dxc4 15.
Nxc4 Nd5 16. Bd2 axb4 17. axb4 cxb4 18. Nxb4 Ncxb4 19. Bxb4 b5 20. Ne3 Nxe3+
21. fxe3 Ra2 22. e4 Rc8 23. Rf2 e6 24. Rc1 Rb2 25. Ba3 Rxc1 26. Qxc1 Rb3 27.
Qc5 f5 28. Bb4 h6 29. exf5 gxf5 30. Rf3 Kh7 31. Bd2 Rb2 32. Qc1 Qd5 33. Kf1 Qa2
0-1

[Event "12. Open de Sants 2010"]
[Site "Barcelona ESP"]
[Date "2010.08.21"]
[Round "2.19"]
[White "Glantz, Robert"]
[Black "Handke, Florian"]
[Result "0-1"]
[WhiteElo "2207"]
[BlackElo "2494"]
[PlyCount "82"]
[EventDate "2010.08.20"]
[EventType "swiss"]
[EventRounds "10"]
[EventCountry "ESP"]
[Source "lmi"]
[SourceDate "2010.08.20"]

1. e4 c5 2. Nf3 e6 3. Nc3 a6 4. d4 cxd4 5. Nxd4 Qc7 6. Bd3 Nf6 7. O-O Bc5 8.
Nb3 Be7 9. f4 d6 10. a4 Nc6 11. a5 b5 12. axb6 Qxb6+ 13. Kh1 O-O 14. Qe2 Nb4
15. Be3 Qb8 16. Na5 Qc7 17. Nc4 Rb8 18. e5 dxe5 19. fxe5 Nd7 20. Bf4 Nxd3 21.
cxd3 Bb7 22. Ne4 Bxe4 23. dxe4 Rb4 24. Rfc1 Qb7 25. Bd2 Rb5 26. Na5 Qb6 27. Bc3
Nxe5 28. Ra2 Bb4 29. Bxe5 Rxe5 30. Nc4 Qc6 31. b3 Rxe4 32. Rxa6 Rxe2 33. Rxc6
g6 34. Rb6 Bc5 35. Rb7 Ra8 36. Rc7 Bd4 37. Nd6 Be5 38. Rc8+ Rxc8 39. Rxc8+ Kg7
40. Ne8+ Kf8 41. g3 Ke7 0-1

[Event "12. Open de Sants 2010"]
[Site "Barcelona ESP"]
[Date "2010.08.22"]
[Round "3.1"]
[White "Markowski, Tomasz"]
[Black "Cori Tello, Deysi"]
[Result "0-1"]
[WhiteElo "2628"]
[BlackElo "2403"]
[PlyCount "104"]
[EventDate "2010.08.20"]
[EventType "swiss"]
[EventRounds "10"]
[EventCountry "ESP"]
[Source "lmi"]
[SourceDate "2010.08.20"]

1. g3 Nf6 2. Bg2 d5 3. Nf3 g6 4. b3 Bg7 5. Bb2 b6 6. O-O Bb7 7. c4 dxc4 8. bxc4
c5 9. Qa4+ Qd7 10. Qxd7+ Nbxd7 11. a4 a6 12. d3 O-O 13. Nbd2 Ne8 14. Rfb1 Nd6
15. Bxg7 Kxg7 16. Ng5 Rfb8 17. Nge4 Nxe4 18. Nxe4 Bc6 19. Nxc5 bxc5 20. Bxc6
Rxb1+ 21. Rxb1 Rb8 22. Rxb8 Nxb8 23. Bb7 a5 24. d4 Nd7 25. Bc6 Nf8 26. d5 g5
27. f3 Ng6 28. Kf2 Ne5 29. Bb5 f5 30. e3 g4 31. f4 Nf3 32. Bd7 Kf6 33. e4 fxe4
34. Bxg4 Nxh2 35. Be2 Kf5 36. Bh5 Ng4+ 37. Ke2 Nf6 38. Bf7 Kg4 39. Kf2 Kh3 40.
Be6+ Ng4+ 41. Bxg4+ Kxg4 42. Ke3 h5 43. Kxe4 Kxg3 44. f5 h4 45. d6 exd6 46. f6
h3 47. f7 h2 48. f8=Q h1=Q+ 49. Ke3 Qe1+ 50. Kd3 Qd1+ 51. Ke3 Qd4+ 52. Ke2 Qe4+
0-1

[Event "12. Open de Sants 2010"]
[Site "Barcelona ESP"]
[Date "2010.08.22"]
[Round "3.2"]
[White "Gonzalez Perez, Arian"]
[Black "Kempinski, Robert"]
[Result "1/2-1/2"]
[WhiteElo "2403"]
[BlackElo "2612"]
[PlyCount "106"]
[EventDate "2010.08.20"]
[EventType "swiss"]
[EventRounds "10"]
[EventCountry "ESP"]
[Source "lmi"]
[SourceDate "2010.08.20"]

1. d4 Nf6 2. Nf3 g6 3. g3 Bg7 4. Bg2 O-O 5. O-O d6 6. Nc3 Nbd7 7. e4 e5 8. dxe5
dxe5 9. b3 Re8 10. Qe2 c6 11. a4 Nc5 12. Ba3 Bf8 13. Rfd1 Qc7 14. h3 a5 15. Qe3
b6 16. Bf1 Be6 17. Ng5 Rad8 18. Qf3 Kg7 19. Rxd8 Rxd8 20. Rd1 Rxd1 21. Qxd1 Qc8
22. Bxc5 Bxc5 23. Nxe6+ Qxe6 24. Qf3 Qd7 25. Nd1 Qd2 26. Bd3 h5 27. Kf1 h4 28.
gxh4 Nh5 29. Qe2 Qc1 30. Kg1 Nf4 31. Qf3 Be7 32. Kh2 Bxh4 33. Ne3 Nxd3 34. cxd3
Qb2 35. Nc4 Qxb3 36. Nxe5 Qe6 37. Ng4 b5 38. Qe3 Be7 39. axb5 cxb5 40. d4 Qb6
41. e5 b4 42. Qh6+ Kg8 43. d5 Qd4 44. d6 Bd8 45. Qc1 Kg7 46. Qh6+ Kg8 47. Qc1
Kg7 48. Qh6+ Kg8 49. Qc1 Kf8 50. Qc8 b3 51. Qd7 Qb6 52. Kg2 Bh4 53. Qc8+ Qd8
1/2-1/2

[Event "12. Open de Sants 2010"]
[Site "Barcelona ESP"]
[Date "2010.08.22"]
[Round "3.3"]
[White "Rodshtein, Maxim"]
[Black "Breier, Andreas"]
[Result "1-0"]
[WhiteElo "2609"]
[BlackElo "2399"]
[PlyCount "69"]
[EventDate "2010.08.20"]
[EventType "swiss"]
[EventRounds "10"]
[EventCountry "ESP"]
[Source "lmi"]
[SourceDate "2010.08.20"]

1. d4 Nf6 2. c4 e6 3. Nf3 d5 4. g3 a6 5. Bg2 dxc4 6. O-O Nc6 7. e3 Bd7 8. Qe2
b5 9. b3 cxb3 10. axb3 Bb4 11. Bb2 O-O 12. Rc1 Na5 13. Nbd2 Bc6 14. Bc3 Qe7 15.
Qd3 Nd5 16. Ne5 Bb7 17. Bxd5 Bxd5 18. Rxa5 Bxa5 19. Bxa5 Rfc8 20. e4 Bb7 21.
Rc5 f6 22. Ng4 Rd8 23. Qc3 Rd7 24. Ne3 Rad8 25. Bxc7 Re8 26. b4 f5 27. exf5
exf5 28. d5 g5 29. Nf3 f4 30. d6 Qg7 31. Rxg5 fxe3 32. Rxg7+ Rxg7 33. Ne5 e2
34. f4 Rxe5 35. Qxe5 1-0

[Event "12. Open de Sants 2010"]
[Site "Barcelona ESP"]
[Date "2010.08.22"]
[Round "3.4"]
[White "Kanarek, Marcel"]
[Black "Mamedov, Nidjat"]
[Result "1/2-1/2"]
[WhiteElo "2387"]
[BlackElo "2604"]
[PlyCount "105"]
[EventDate "2010.08.20"]
[EventType "swiss"]
[EventRounds "10"]
[EventCountry "ESP"]
[Source "lmi"]
[SourceDate "2010.08.20"]

1. d4 Nf6 2. c4 g6 3. Nc3 Bg7 4. e4 d6 5. Be2 O-O 6. Nf3 Na6 7. O-O e5 8. Be3
c6 9. d5 Ng4 10. Bg5 f6 11. Bh4 c5 12. Ne1 h5 13. Nc2 Nh6 14. f3 Nf7 15. a3 Bh6
16. Rb1 Kg7 17. b4 b6 18. Kh1 Bg5 19. Bf2 f5 20. exf5 gxf5 21. g3 h4 22. g4
fxg4 23. fxg4 Nh8 24. Bd3 Bd7 25. h3 Bf4 26. Qe1 Qg5 27. Ne3 Nc7 28. bxc5 dxc5
29. Nf5+ Bxf5 30. gxf5 Kf7 31. d6 Rad8 32. Rg1 Qh6 33. Ne4 Ne8 34. Bxc5 Nf6 35.
Bf2 Nxe4 36. Bxe4 Rxd6 37. c5 Rd2 38. cxb6 axb6 39. Rc1 Rfd8 40. Rc7+ Kf8 41.
Rc6 Qh7 42. Rxb6 Qe7 43. Ra6 Nf7 44. f6 Qc7 45. Rc6 Qa5 46. Bg2 R8d3 47. Rf1
Ng5 48. Qb1 Qa4 49. Qb7 Rd7 50. Qb8+ Rd8 51. Qb7 R8d7 52. Qb8+ Rd8 53. Qb7
1/2-1/2

[Event "12. Open de Sants 2010"]
[Site "Barcelona ESP"]
[Date "2010.08.22"]
[Round "3.5"]
[White "Bukal, Vladimir Jr"]
[Black "Bluvshtein, Mark"]
[Result "0-1"]
[WhiteElo "2381"]
[BlackElo "2583"]
[PlyCount "78"]
[EventDate "2010.08.20"]
[EventType "swiss"]
[EventRounds "10"]
[EventCountry "ESP"]
[Source "lmi"]
[SourceDate "2010.08.20"]

1. d4 Nf6 2. c4 e6 3. Nc3 Bb4 4. g3 O-O 5. Bg2 d6 6. Nf3 Nbd7 7. O-O Bxc3 8.
bxc3 Rb8 9. a4 b6 10. a5 Bb7 11. Ne1 Qc8 12. Bxb7 Qxb7 13. Qd3 Qa6 14. Ba3 bxa5
15. Bb4 a4 16. c5 Qc6 17. Qc4 Ne4 18. Nf3 Nb6 19. Qa2 a5 20. cxb6 axb4 21. cxb4
cxb6 22. Rfc1 Qb5 23. d5 e5 24. Qc4 Qxc4 25. Rxc4 f5 26. b5 Ra8 27. Rcxa4 Rxa4
28. Rxa4 Nc3 29. Ra3 Rc8 30. Ng5 Nxb5 31. Ra6 Rb8 32. Ne6 Kf7 33. f4 Kf6 34.
Kg2 exf4 35. gxf4 Nc3 36. Ra7 Nxd5 37. Nd4 Nxf4+ 38. Kg3 Re8 39. Kf3 Re4 0-1

[Event "12. Open de Sants 2010"]
[Site "Barcelona ESP"]
[Date "2010.08.22"]
[Round "3.6"]
[White "Nijboer, Friso"]
[Black "Alonso Garcia, Rene Marcial"]
[Result "1/2-1/2"]
[WhiteElo "2582"]
[BlackElo "2396"]
[PlyCount "55"]
[EventDate "2010.08.20"]
[EventType "swiss"]
[EventRounds "10"]
[EventCountry "ESP"]
[Source "lmi"]
[SourceDate "2010.08.20"]

1. e4 e5 2. Nf3 Nc6 3. Bb5 a6 4. Ba4 Nf6 5. O-O Be7 6. Re1 b5 7. Bb3 d6 8. c3
O-O 9. h3 Na5 10. Bc2 c5 11. d4 Qc7 12. Nbd2 cxd4 13. cxd4 Bb7 14. d5 Rac8 15.
Bd3 Nd7 16. Nf1 f5 17. exf5 Nc5 18. Bb1 Nc4 19. h4 e4 20. Bxe4 Nxe4 21. Rxe4
Rxf5 22. Qe2 Bf8 23. Nd4 Rxd5 24. b3 Re5 25. Rxe5 Nxe5 26. Bb2 Qf7 27. Ne3 Re8
28. h5 1/2-1/2

[Event "12. Open de Sants 2010"]
[Site "Barcelona ESP"]
[Date "2010.08.22"]
[Round "3.7"]
[White "Arenas, David"]
[Black "Parligras, Mircea"]
[Result "1/2-1/2"]
[WhiteElo "2364"]
[BlackElo "2574"]
[PlyCount "108"]
[EventDate "2010.08.20"]
[EventType "swiss"]
[EventRounds "10"]
[EventCountry "ESP"]
[Source "lmi"]
[SourceDate "2010.08.20"]

1. e4 c5 2. Nf3 d6 3. d4 cxd4 4. Nxd4 Nf6 5. Nc3 a6 6. Be2 Nbd7 7. a4 b6 8. f4
Bb7 9. Bf3 e6 10. O-O Rc8 11. Qe2 Qc7 12. Kh1 Qc4 13. Qf2 h5 14. Be3 Ng4 15.
Qd2 Nxe3 16. Qxe3 Be7 17. Rad1 g6 18. f5 e5 19. Nb3 gxf5 20. exf5 Bxf3 21. Qxf3
Nf6 22. Nd2 Qg4 23. Qb7 Rd8 24. Nde4 Nxe4 25. Nxe4 Rg8 26. Rd2 d5 27. Qc6+ Rd7
28. Qc8+ Rd8 29. Qc6+ Rd7 30. Nf6+ Bxf6 31. Qxf6 Qe4 32. Qxb6 h4 33. h3 Rg3 34.
Kh2 Qe3 35. Qb8+ Rd8 36. Qb4 d4 37. Rff2 f6 38. Qb6 Qg5 39. Qxa6 Kf8 40. Qb6
Rd7 41. Qc5+ Kg7 42. Qc6 Ra7 43. a5 Kh7 44. a6 Rg7 45. Rd3 Rxd3 46. cxd3 Qg3+
47. Kg1 Qxd3 48. Qxf6 Qe4 49. Kh2 d3 50. Qd8 Rxg2+ 51. Rxg2 Qf4+ 52. Kg1 Qc1+
53. Kf2 Qd2+ 54. Kg1 Qc1+ 1/2-1/2

[Event "12. Open de Sants 2010"]
[Site "Barcelona ESP"]
[Date "2010.08.22"]
[Round "3.9"]
[White "Andersson, Ulf"]
[Black "Sowray, Peter J"]
[Result "1-0"]
[WhiteElo "2567"]
[BlackElo "2383"]
[PlyCount "61"]
[EventDate "2010.08.20"]
[EventType "swiss"]
[EventRounds "10"]
[EventCountry "ESP"]
[Source "lmi"]
[SourceDate "2010.08.20"]

1. Nf3 f5 2. d4 Nf6 3. g3 g6 4. Bg2 Bg7 5. O-O O-O 6. c4 d6 7. Nc3 Qe8 8. d5 a5
9. Rb1 Na6 10. b3 h6 11. Bb2 g5 12. e3 Qg6 13. a3 Bd7 14. Ba1 Nc5 15. b4 axb4
16. axb4 Nce4 17. Nxe4 Nxe4 18. Qc2 Nf6 19. Nd4 Kh7 20. Bb2 f4 21. Qxg6+ Kxg6
22. exf4 gxf4 23. Rfe1 fxg3 24. hxg3 Ra4 25. Rxe7 Rxb4 26. Bf1 Bh8 27. Bd3+ Kh5
28. Kg2 Bh3+ 29. Kxh3 Ng4 30. Be2 Bxd4 31. Bxg4+ 1-0

[Event "12. Open de Sants 2010"]
[Site "Barcelona ESP"]
[Date "2010.08.22"]
[Round "3.10"]
[White "Aroshidze, Levan"]
[Black "Strunski, Andreas"]
[Result "1/2-1/2"]
[WhiteElo "2548"]
[BlackElo "2365"]
[PlyCount "55"]
[EventDate "2010.08.20"]
[EventType "swiss"]
[EventRounds "10"]
[EventCountry "ESP"]
[Source "lmi"]
[SourceDate "2010.08.20"]

1. e4 e6 2. d4 d5 3. Nc3 Nf6 4. Bg5 dxe4 5. Nxe4 Be7 6. Bxf6 gxf6 7. Nf3 a6 8.
Qd2 c5 9. d5 f5 10. Nc3 exd5 11. Nxd5 Bf8 12. O-O-O Bg7 13. c4 O-O 14. h4 Nc6
15. Kb1 h6 16. Qc2 Be6 17. Nf4 Qa5 18. Nh5 Rad8 19. Be2 Bh8 20. a3 Rxd1+ 21.
Rxd1 Rd8 22. Rxd8+ Qxd8 23. Qd3 Qb6 24. Qc2 Na5 25. Nd2 Qd8 26. Nf3 Qb6 27. Nd2
Qd6 28. Nf3 1/2-1/2

[Event "12. Open de Sants 2010"]
[Site "Barcelona ESP"]
[Date "2010.08.22"]
[Round "3.11"]
[White "Narciso Dublan, Marc"]
[Black "Mascaro March, Pedro"]
[Result "1-0"]
[WhiteElo "2540"]
[BlackElo "2363"]
[PlyCount "77"]
[EventDate "2010.08.20"]
[EventType "swiss"]
[EventRounds "10"]
[EventCountry "ESP"]
[Source "lmi"]
[SourceDate "2010.08.20"]

1. d4 Nf6 2. c4 e6 3. Nc3 Bb4 4. Qc2 O-O 5. a3 Bxc3+ 6. Qxc3 d6 7. g3 Nbd7 8.
Bg2 e5 9. dxe5 dxe5 10. Nf3 Qe7 11. O-O Re8 12. b4 c5 13. Bb2 Rb8 14. Rfd1 b6
15. Ne1 Bb7 16. Nc2 Bxg2 17. Kxg2 Nf8 18. Ne3 Qb7+ 19. f3 e4 20. f4 Ne6 21. Nf5
e3+ 22. Kg1 Ne4 23. Qxe3 Nd4 24. Bxd4 Ng5 25. fxg5 Rxe3 26. Bxe3 Qe4 27. Bf4
Ra8 28. Ne3 h5 29. gxh6 cxb4 30. axb4 a5 31. hxg7 Kxg7 32. Ra4 axb4 33. Rxb4
Ra2 34. Kf2 Qh7 35. Be5+ Kf8 36. Rd8+ Ke7 37. Rh8 Qe4 38. Nd5+ Ke6 39. Rxb6+
1-0

[Event "12. Open de Sants 2010"]
[Site "Barcelona ESP"]
[Date "2010.08.22"]
[Round "3.12"]
[White "Cruz, Cristhian"]
[Black "Perpinya Rofes, Lluis Maria"]
[Result "1-0"]
[WhiteElo "2536"]
[BlackElo "2344"]
[PlyCount "115"]
[EventDate "2010.08.20"]
[EventType "swiss"]
[EventRounds "10"]
[EventCountry "ESP"]
[Source "lmi"]
[SourceDate "2010.08.20"]

1. c4 g6 2. Nc3 Bg7 3. g3 e5 4. Bg2 d6 5. b4 a5 6. b5 f5 7. Bb2 Nd7 8. d3 Ngf6
9. Nf3 O-O 10. O-O Nc5 11. Rc1 h6 12. d4 exd4 13. Nxd4 Nfe4 14. Nb3 Bd7 15.
Nxc5 Nxc5 16. Ba3 Bc8 17. Bxc5 dxc5 18. Na4 Rb8 19. Nxc5 Qe7 20. Nd3 Be6 21.
Qd2 Qa3 22. Nf4 Bf7 23. Bd5 g5 24. Nh5 Bh8 25. h4 Qe7 26. hxg5 hxg5 27. g4 Rbd8
28. Ng3 fxg4 29. Qd3 Qf6 30. Qe4 b6 31. Qxg4 Qf4 32. Bxf7+ Rxf7 33. Qh5 Bd4 34.
Qg6+ Rg7 35. Qe6+ Rf7 36. e3 Qf6 37. Qg4 Be5 38. Ne4 Qf5 39. Qxf5 Rxf5 40. Rcd1
Re8 41. Rd5 Kg7 42. Kg2 Kg6 43. Rfd1 Rff8 44. Rg1 g4 45. Kf1 Kf5 46. Ng3+ Ke6
47. Ke2 Rh8 48. Ne4 Reg8 49. Kd3 Kf5 50. Ng3+ Ke6 51. Ke4 Bd6 52. Nh5 Rh6 53.
f4 Kf7 54. Rf5+ Ke6 55. Rg2 g3 56. Rd5 Kf7 57. Kf3 Re8 58. Rxg3 1-0

[Event "12. Open de Sants 2010"]
[Site "Barcelona ESP"]
[Date "2010.08.22"]
[Round "3.13"]
[White "Oms Fuentes, Lluis"]
[Black "Bhat, Vinay S"]
[Result "1/2-1/2"]
[WhiteElo "2360"]
[BlackElo "2536"]
[PlyCount "110"]
[EventDate "2010.08.20"]
[EventType "swiss"]
[EventRounds "10"]
[EventCountry "ESP"]
[Source "lmi"]
[SourceDate "2010.08.20"]

1. e4 e6 2. d4 d5 3. e5 c5 4. Nf3 Nc6 5. Bd3 cxd4 6. O-O Nge7 7. Bf4 Ng6 8. Bg3
Be7 9. a3 O-O 10. b4 a6 11. Nbd2 f5 12. h3 Bd7 13. Re1 Qb6 14. Nb3 Rfc8 15. Rb1
a5 16. bxa5 Qa7 17. Ra1 Nxa5 18. a4 Nc4 19. Nfxd4 Qc5 20. Nf3 Qb6 21. a5 Nxa5
22. Rb1 Bb4 23. Rf1 Nc6 24. Bxf5 Nf8 25. Bd3 Be8 26. Nbd4 Bh5 27. Nxc6 Rxc6 28.
Bf4 Qa5 29. Be3 Rc7 30. Bd4 Rd7 31. c3 Be7 32. g4 Bg6 33. Ne1 Rc8 34. f4 Be4
35. Rb5 Qd8 36. Qe2 Qe8 37. Bxe4 dxe4 38. Ng2 Rdc7 39. Rfb1 Bc5 40. Qxe4 Bxd4+
41. cxd4 Rc2 42. Rxb7 R8c3 43. Ra7 Qg6 44. f5 Qh6 45. Qb7 Rxg2+ 46. Qxg2 Qf4
47. Rf1 Qxd4+ 48. Qf2 Qxe5 49. Qf4 Qc5+ 50. Qf2 Qe5 51. Qf4 Qc5+ 52. Qf2 Qe5
53. Kg2 Qe4+ 54. Kg1 Qe5 55. Re1 Rg3+ 1/2-1/2

[Event "12. Open de Sants 2010"]
[Site "Barcelona ESP"]
[Date "2010.08.22"]
[Round "3.14"]
[White "Cabrera, Alexis"]
[Black "Rios, Cristhian Camilo"]
[Result "1/2-1/2"]
[WhiteElo "2533"]
[BlackElo "2337"]
[PlyCount "53"]
[EventDate "2010.08.20"]
[EventType "swiss"]
[EventRounds "10"]
[EventCountry "ESP"]
[Source "lmi"]
[SourceDate "2010.08.20"]

1. d4 Nf6 2. c4 e6 3. g3 Bb4+ 4. Bd2 Qe7 5. Nf3 O-O 6. Nc3 d6 7. Bg2 e5 8. O-O
Bxc3 9. Bxc3 Ne4 10. Be1 Nc6 11. Rc1 f5 12. b4 Nf6 13. d5 Nd8 14. c5 e4 15. Ng5
Nf7 16. Nxf7 Qxf7 17. cxd6 cxd6 18. f3 Nxd5 19. fxe4 Ne3 20. Qxd6 Nxf1 21. Rc7
Qf6 22. Bc3 Qxd6 23. Rxg7+ Kh8 24. Rf7+ Kg8 25. Rg7+ Kh8 26. Rf7+ Kg8 27. Rg7+
1/2-1/2

[Event "12. Open de Sants 2010"]
[Site "Barcelona ESP"]
[Date "2010.08.22"]
[Round "3.15"]
[White "Rios, Alejandro"]
[Black "Cuartas, Jaime Alexander"]
[Result "1/2-1/2"]
[WhiteElo "2308"]
[BlackElo "2529"]
[PlyCount "95"]
[EventDate "2010.08.20"]
[EventType "swiss"]
[EventRounds "10"]
[EventCountry "ESP"]
[Source "lmi"]
[SourceDate "2010.08.20"]

1. e4 c6 2. d4 d5 3. Nc3 dxe4 4. Nxe4 Bf5 5. Ng3 Bg6 6. Nf3 Nd7 7. h4 h6 8. h5
Bh7 9. Bd3 Bxd3 10. Qxd3 e6 11. Bf4 Ngf6 12. O-O-O Be7 13. Ne5 O-O 14. Ne4 c5
15. Nxd7 Qxd7 16. Nxc5 Qc6 17. Qg3 Kh8 18. Be5 Rac8 19. c3 Rg8 20. Bxf6 gxf6
21. Qe3 Kh7 22. g3 Bxc5 23. dxc5 Rg5 24. Rh4 Rxc5 25. Rf4 Kg7 26. Qd4 e5 27.
Rg4+ Kf8 28. Qd3 Qe6 29. Ra4 a6 30. Qd6+ Qxd6 31. Rxd6 R5c6 32. Rd7 R8c7 33.
Rxc7 Rxc7 34. Rb4 b5 35. a4 Rc5 36. axb5 axb5 37. Kd2 f5 38. b3 Ke7 39. c4 bxc4
40. Rxc4 Rd5+ 41. Kc2 Kf6 42. b4 e4 43. Kb3 Kg5 44. Rc5 Rd1 45. b5 Rb1+ 46. Ka2
Rb4 47. Ka3 Rb1 48. Ka2 1/2-1/2

[Event "12. Open de Sants 2010"]
[Site "Barcelona ESP"]
[Date "2010.08.22"]
[Round "3.16"]
[White "Alonso Rosell, Alvar"]
[Black "Sbarra, Marco"]
[Result "1-0"]
[WhiteElo "2521"]
[BlackElo "2319"]
[PlyCount "93"]
[EventDate "2010.08.20"]
[EventType "swiss"]
[EventRounds "10"]
[EventCountry "ESP"]
[Source "lmi"]
[SourceDate "2010.08.20"]

1. d4 Nf6 2. c4 e6 3. g3 d5 4. Bg2 dxc4 5. Nf3 Nc6 6. Qa4 Bb4+ 7. Bd2 Nd5 8.
Bxb4 Ndxb4 9. O-O Rb8 10. Na3 Bd7 11. Qb5 a6 12. Qxc4 b5 13. Qc3 O-O 14. Rfc1
Qe7 15. Nc2 Nd5 16. Qd2 Rfc8 17. Nce1 Be8 18. Nd3 Rd8 19. e3 Nb6 20. Qe2 f6 21.
Nd2 Nd5 22. Rc5 Rbc8 23. Rac1 Na5 24. a3 Nb7 25. R5c2 c6 26. Ne4 a5 27. Ndc5
Nxc5 28. Rxc5 a4 29. Nd2 Qd6 30. Bxd5 exd5 31. Nb1 Rb8 32. Qd2 Rb7 33. Nc3 b4
34. axb4 Rdb8 35. b5 cxb5 36. Rxd5 Qe6 37. Rc5 b4 38. Nd5 Qe4 39. Nf4 b3 40.
Ra5 Bd7 41. Qd3 Qf3 42. e4 Bg4 43. Rxa4 Re7 44. d5 Qxd3 45. Nxd3 Bf3 46. Nc5 f5
47. d6 1-0